NCAA Women's College Hockey Teams on a Map - Statistics

General Stats
  • This quiz has been taken 58 times
  • The average score is 32 of 45
Answers on the Map
Answers color-coded by a green-red scale on the quiz's map according to % correct below.
 
Answer Stats
Answer % Correct
Minnesota
100%
Penn St.
100%
Wisconsin
100%
Connecticut
98%
Ohio St.
98%
Maine
95%
New Hampshire
95%
Vermont
95%
Boston College
93%
Boston University
93%
Yale
93%
Dartmouth
91%
Harvard
91%
Minnesota-Duluth
91%
Minnesota St.
88%
Brown
86%
Cornell
86%
Princeton
86%
Delaware
79%
Providence
79%
Rochester Institute of Technology
79%
St. Cloud
79%
St. Thomas
77%
Syracuse
77%
Bemidji St.
70%
Colgate
70%
Lindenwood
67%
Northeastern
67%
Holy Cross
63%
Long Island
63%
Mercyhurst
63%
Merrimack
63%
Quinnipiac
63%
Robert Morris
60%
Union
58%
Sacred Heart
53%
Stonehill
53%
St. Lawrence
51%
Clarkson
49%
Rensselaer
44%
Post
23%
Assumption
21%
Franklin Pierce
21%
St. Anselm
21%
St. Michaels
21%
No matching quizzes found
Score Distribution
Percent of People with Each Score
Percentile by Number Answered
Your Score History
You have not taken this quiz